Soundproof room : (Record no. 14657)

000 -LEADER
fixed length control field 01499cam a2200325 a 4500
001 - CONTROL NUMBER
control field 12192541
005 - DATE AND TIME OF LATEST TRANSACTION
control field 20170105102901.0
008 - FIXED-LENGTH DATA ELEMENTS--GENERAL INFORMATION
fixed length control field 001002s2001 cau b 000 0 eng
010 ## - LIBRARY OF CONGRESS CONTROL NUMBER
LC control number 00050484
020 ## - INTERNATIONAL STANDARD BOOK NUMBER
International Standard Book Number 0804737495 (cloth : alk. paper)
020 ## - INTERNATIONAL STANDARD BOOK NUMBER
International Standard Book Number 0804737509 (pbk. : alk. paper)
040 ## - CATALOGING SOURCE
Original cataloging agency DLC
Transcribing agency DLC
Modifying agency DLC
041 1# - LANGUAGE CODE
Language code of text/sound track or separate title eng
Language code of original fre
050 00 - LIBRARY OF CONGRESS CALL NUMBER
Classification number PQ2625.A716
Item number Z6965813 2001
082 00 - DEWEY DECIMAL CLASSIFICATION NUMBER
Classification number 843/.912
Edition number 21
100 1# - MAIN ENTRY--PERSONAL NAME
Personal name Lyotard, Jean-François,
Dates associated with a name 1924-1998.
240 10 - UNIFORM TITLE
Uniform title Chambre sourde.
Language of a work English
245 10 - TITLE STATEMENT
Title Soundproof room :
Remainder of title Malraux's anti-aesthetics /
Statement of responsibility, etc. Jean François Lyotard ; translated by Robert Harvey.
260 ## - PUBLICATION, DISTRIBUTION, ETC.
Place of publication, distribution, etc. Stanford, Calif. :
Name of publisher, distributor, etc. Stanford University Press,
Date of publication, distribution, etc. 2001.
300 ## - PHYSICAL DESCRIPTION
Extent 114 p. ;
Dimensions 23 cm.
440 #0 - SERIES STATEMENT/ADDED ENTRY--TITLE
Title Cultural memory in the present
504 ## - BIBLIOGRAPHY, ETC. NOTE
Bibliography, etc. note Includes bibliographical references (p. [113]-114).
600 10 - SUBJECT ADDED ENTRY--PERSONAL NAME
Personal name Malraux, André,
Dates associated with a name 1901-1976
General subdivision Criticism and interpretation.
856 42 - ELECTRONIC LOCATION AND ACCESS
Materials specified Publisher description
Uniform Resource Identifier <a href="http://www.loc.gov/catdir/description/cam021/00050484.html">http://www.loc.gov/catdir/description/cam021/00050484.html</a>
856 41 - ELECTRONIC LOCATION AND ACCESS
Materials specified Table of contents
Uniform Resource Identifier <a href="http://www.loc.gov/catdir/toc/cam028/00050484.html">http://www.loc.gov/catdir/toc/cam028/00050484.html</a>
856 42 - ELECTRONIC LOCATION AND ACCESS
Materials specified Contributor biographical information
Uniform Resource Identifier <a href="http://www.loc.gov/catdir/enhancements/fy0710/00050484-b.html">http://www.loc.gov/catdir/enhancements/fy0710/00050484-b.html</a>
906 ## - LOCAL DATA ELEMENT F, LDF (RLIN)
a 7
b cbc
c orignew
d 1
e ocip
f 20
g y-gencatlg
942 ## - ADDED ENTRY ELEMENTS (KOHA)
Source of classification or shelving scheme
Koha item type Book
Holdings
Withdrawn status Lost status Damaged status Not for loan Collection code Permanent Location Current Location Shelving location Date acquired Total Checkouts Full call number Barcode Date last seen Price effective from Koha item type
          Centre for International Peace & Stability (CIPS) Centre for International Peace & Stability (CIPS) General Stacks 09/12/2013   843.912 BAL 2001 CIPS0000994 10/11/2013 10/11/2013 Book
© 2023 Central Library, National University of Sciences and Technology. All Rights Reserved.